000 00321nam a2200133Ia 4500
005 20260326100031.0
008 260326s9999||||xx |||||||||||||| ||und||
100 _aMcQuade, Walter
245 0 _aCity Fit to Live In /
_cWalter McQuade
260 _bMacmillan
300 _a152 p.
650 _aDISEÑO URBANO
942 _cBK
999 _c6589
_d6589